Jakie kalibry miały podane czołgi? (odpowiedź w milimetrach) - Statystyki

Ogólne statystyki
  • Ten quiz został rozwiązany 60 razy
  • Średni wynik to 10 z 11
Statystyki odpowiedzi
Czołg Kaliber głównego działa w mm % Poprawnych
Tiger II H 88
98%
ISU-152 152
94%
Tiger H1 88
91%
T-34(1940) 76
89%
Panther D 75
87%
M4 Sherman 75
87%
StuG III G 75
85%
KW-1 (Ł-11) 76
85%
IS-2 122
83%
M26 Pershing 90
81%
Maus 128
80%
Nie znaleziono quizów pasujących do podanych kryteriów
Rozkład punktacji
Procent ludzi z każdym wynikiem
Percentyl według liczby udzielonych odpowiedzi
Twoja historia wyników
Nie rozwiązałeś tego quizu